|
|
|
|
| LEADER |
01756nam a22003137a 4500 |
| 001 |
mzk03001223396 |
| 003 |
CZ BrMZK |
| 005 |
20160125122133.0 |
| 007 |
ta |
| 008 |
060710s1669 ne acf fr|||||00| ||latod |
| 040 |
|
|
|a BOA001
|b cze
|c BOA001
|
| 072 |
|
7 |
|a 094
|x Staré tisky
|2 Konspekt
|9 12
|
| 080 |
|
|
|a (0.068)094
|2 MRF
|
| 100 |
1 |
|
|a Kircher, Athanasius,
|d 1602-1680
|7 nlk20000083457
|4 aut
|
| 245 |
1 |
0 |
|a Ars magna sciendi, In XII Libros Digesta :
|b Qua Nova & Universali Methodo Per Artificiosum Combinationum contextum de omni re proposita plurimis & prope infinitis rationibus disputari, omniumque summaria quaedam cognitio comparari potest. Ad Augustissimum Rom. Imperatorem Leopoldum Primum, Justum, Pium, Felicem.
|n [Tomus I. - Tomus II.] /
|c Athanasii Kircheri E Soc. Jesu
|
| 260 |
|
|
|a Amstelodami :
|b Apud Joannem Janssonium à Waesberge, & Viduam Elizei Weyerstraet,
|c 1669
|
| 300 |
|
|
|a [14], 482, [10] s., [11] příl. ;
|c 2°
|
| 500 |
|
|
|a Výzdoba: Mědirytinový alegorický předtitul, mědirytinový portrét dedikanta (císař Leopold I.), vnitřní mědirytinový alegorický předtitul a titulní strana druhého dílu, iniciály, viněty, v textu a na přílohách mědirytinové ilustrace a typografické tabulky
|
| 501 |
|
|
|a Obsahuje: Přívazek Ad Alexandrum VII. Pont. Max. Obelisci Aegyptiaci ... / Athanasius Kircher
|
| 655 |
|
7 |
|a staré tisky
|7 fd422076
|2 czenas
|
| 903 |
|
|
|a RP
|
| 910 |
|
|
|a BOE452
|b Mn
|
| 978 |
|
|
|b Janssonius Van Waesberge, Johannes I
|a Amsterdam
|c 1669
|
| 978 |
|
|
|b Weyerstraten, Elizeus - vdova
|a Amsterdam
|c 1669
|
| 984 |
|
|
|a Amsterdam
|b Nizozemsko
|
| 985 |
|
|
|a 1651-1700
|
| 990 |
|
|
|a BK
|
| 991 |
|
|
|k minorite
|
| 994 |
|
|
|a DN
|l MZK03
|b 001223397
|m záznam 1. díla (pro objednání pokračujte kliknutím)
|n přívazek
|